[Event "Chigorin Mem Blitz 2014"]
[Site "St Petersburg RUS"]
[Date "2014.10.17"]
[Round "6.5"]
[White "Timofeev, Artyom"]
[Black "Golubov, Saveliy"]
[Result "1/2-1/2"]
[WhiteTitle "GM"]
[WhiteElo "2598"]
[BlackElo "2347"]
[WhiteFideId "4140419"]
[BlackFideId "24176729"]
[EventDate "2014.10.17"]

1. c4 Nf6 2. Nc3 c5 3. Nf3 b6 4. e4 d6 5. d3 Bb7 6. g3 e6 7. Bg2 Be7 8. O-O O-O
9. b3 a6 10. Bb2 Nbd7 11. Qd2 Qc7 12. h3 d5 13. e5 d4 14. exf6 dxc3 15. Bxc3
Bxf6 16. d4 cxd4 17. Bxd4 Rfd8 18. Bxf6 Nxf6 19. Qe3 Rac8 20. Rfd1 Ne4 21. Rd4
Rxd4 22. Nxd4 Nc5 23. Rd1 Bxg2 24. Kxg2 Rd8 25. Rd2 g6 26. Nf3 Rxd2 27. Qxd2 Nd7
28. Qd4 Qc6 29. Qe3 b5 30. cxb5 axb5 31. Kh2 Qd5 32. Qc3 b4 33. Qe3 Nc5 34. h4
Ne4 35. Nd4 Nc3 36. a4 e5 37. Nf3 Qxb3 38. Qxe5 Qxa4 39. Qb8+ Kg7 40. Qe5+ Kf8
41. Qb8+ Ke7 42. Qb7+ 1/2-1/2

[Event "Chigorin Mem Blitz 2014"]
[Site "St Petersburg RUS"]
[Date "2014.10.17"]
[Round "6.6"]
[White "Smirin, Ilia"]
[Black "Harika, Dronavalli"]
[Result "1-0"]
[WhiteTitle "GM"]
[BlackTitle "GM"]
[WhiteElo "2655"]
[BlackElo "2528"]
[WhiteFideId "2801990"]
[BlackFideId "5015197"]
[EventDate "2014.10.17"]

1. e4 c5 2. Nf3 Nc6 3. Bb5 e5 4. O-O Bd6 5. c3 Nge7 6. d4 exd4 7. cxd4 cxd4 8.
Nbd2 a6 9. Bc4 O-O 10. Nb3 b5 11. Bd3 Bb7 12. Bg5 h6 13. Bh4 Qe8 14. Re1 Ng6 15.
Bg3 Bxg3 16. hxg3 Nge5 17. Nfxd4 Nxd4 18. Nxd4 Rd8 19. Bc2 d5 20. f4 dxe4 21.
Bxe4 Nc4 22. Bxb7 Qd7 23. Nc6 Qxb7 24. Nxd8 Qb6+ 25. Kh2 Rxd8 26. Qe2 Qf6 27.
Rad1 Rxd1 28. Rxd1 Nxb2 29. Qe8+ Kh7 30. Rd8 Nc4 31. Qe4+ Qg6 32. Qxg6+ Kxg6 33.
Rc8 Kf5 34. Rc6 a5 35. Rc5+ Ke4 36. Rxb5 1-0

[Event "Chigorin Mem Blitz 2014"]
[Site "St Petersburg RUS"]
[Date "2014.10.17"]
[Round "6.7"]
[White "Popov, Valerij"]
[Black "Andriasian, Zaven"]
[Result "0-1"]
[WhiteTitle "GM"]
[BlackTitle "GM"]
[WhiteElo "2546"]
[BlackElo "2622"]
[WhiteFideId "4119410"]
[BlackFideId "13302000"]
[EventDate "2014.10.17"]

1. Nf3 d5 2. c4 d4 3. g3 Nc6 4. Bg2 e5 5. O-O Nf6 6. e3 Be7 7. exd4 exd4 8. d3
O-O 9. Re1 a5 10. Na3 h6 11. Nb5 Bc5 12. Bf4 Bb6 13. c5 Bxc5 14. Bxc7 Qd7 15.
Rc1 Bb4 16. Ne5 Nxe5 17. Rxe5 Ra6 18. a3 Be7 19. Qe2 Re6 20. Rxe6 fxe6 21. a4
Nd5 22. Bxa5 b6 23. Bd2 Bf6 24. Re1 Re8 25. Qg4 Bb7 26. Bxh6 Bc6 27. Bd2 Re7 28.
Nxd4 Bxa4 29. Nxe6 Bc6 30. Ng5 Rxe1+ 0-1

[Event "Chigorin Mem Blitz 2014"]
[Site "St Petersburg RUS"]
[Date "2014.10.17"]
[Round "6.8"]
[White "Oral, Tomas"]
[Black "Bukavshin, Ivan"]
[Result "1/2-1/2"]
[WhiteTitle "GM"]
[BlackTitle "GM"]
[WhiteElo "2513"]
[BlackElo "2616"]
[WhiteFideId "303739"]
[BlackFideId "4199758"]
[EventDate "2014.10.17"]

1. e4 c5 2. Nf3 e6 3. d4 cxd4 4. Nxd4 Nc6 5. Nc3 Qc7 6. Be2 Nf6 7. O-O Be7 8.
Be3 O-O 9. f4 d6 10. Kh1 Nxd4 11. Qxd4 a6 12. a4 Bd7 13. e5 Ne8 14. Bd3 Bc6 15.
Qb6 Qb8 16. Bd4 Bd8 17. Qb3 Bc7 18. Rae1 Qd8 19. Be4 Qd7 20. Bxc6 Qxc6 21. f5
dxe5 22. fxe6 Qxe6 23. Qxe6 fxe6 24. Rxf8+ Kxf8 25. Bxe5 Rd8 26. Kg1 Ke7 27.
Bxc7 Nxc7 28. Kf2 h6 29. Re4 Rd6 30. Ke2 Rb6 31. b3 Rc6 32. Kd2 Rd6+ 33. Ke2 Rc6
34. Kd2 Rc5 35. h3 Rg5 36. g4 Rc5 37. Rb4 b5 38. axb5 axb5 39. Re4 h5 40. Kd3
Rg5 41. Ke3 Rc5 42. Kd4 Rc6 43. Kd3 g6 44. gxh5 gxh5 45. Re5 Rd6+ 46. Ke2 Rc6
47. Nxb5 Nxb5 48. Rxb5 Rxc2+ 49. Kd3 Rh2 50. Rxh5 Kd6 51. b4 e5 52. Kc4 Rc2+ 53.
Kd3 Rh2 54. Kc4 Rc2+ 55. Kb5 e4 56. Kb6 e3 57. Rh6+ Kd5 58. Rh5+ Kd4 59. Rh8 Rc4
60. Rd8+ Kc3 61. Re8 Kd3 62. b5 Re4 63. Rd8+ Kc2 64. Rc8+ Kb2 65. Rg8 e2 66. Rg1
e1=Q 67. Rxe1 Rxe1 68. Kc6 Re6+ 69. Kc7 Re7+ 70. Kc6 Rh7 71. b6 Rh6+ 72. Kc7
Rxh3 73. b7 Rh7+ 74. Kc6 Rh8 75. Kc7 Kc3 76. b8=Q Rxb8 77. Kxb8 1/2-1/2

[Event "Chigorin Mem Blitz 2014"]
[Site "St Petersburg RUS"]
[Date "2014.10.17"]
[Round "6.9"]
[White "Potkin, Vladimir"]
[Black "Levin, Evgeny A."]
[Result "0-1"]
[WhiteTitle "GM"]
[BlackTitle "GM"]
[WhiteElo "2610"]
[BlackElo "2507"]
[WhiteFideId "4131061"]
[BlackFideId "4182596"]
[EventDate "2014.10.17"]

1. c4 Nf6 2. Nc3 e6 3. e4 d5 4. e5 d4 5. exf6 dxc3 6. bxc3 Qxf6 7. d4 c5 8. Nf3
h6 9. Bd3 Bd6 10. O-O O-O 11. Re1 Nd7 12. Qe2 Rd8 13. Ba3 Qe7 14. Rad1 Nf8 15.
dxc5 Bc7 16. Ne5 Qg5 17. c6 Bxe5 18. Qxe5 Qxe5 19. Rxe5 Ng6 20. Ree1 bxc6 21.
Be4 Ba6 22. c5 Ne5 23. Bb4 Nd3 24. Bxc6 Nxe1 25. Rxe1 Rac8 26. Bf3 Bb5 27. h4
Bc6 28. Be2 Rd2 29. a3 Rcd8 30. Kh2 Rb2 31. Kg3 Rdd2 32. Bf3 Rd3 33. Kf4 Bxf3
34. gxf3 Rxf2 35. c6 Rfxf3+ 36. Ke4 Rxc3 37. Bxc3 Rxc3 38. Rd1 Rxc6 39. Rd8+ Kh7
40. Rd7 Kg6 41. Rxa7 Rc4+ 42. Ke5 Rxh4 43. a4 Rh1 44. a5 h5 45. a6 Re1+ 46. Kf4
Kf6 47. Rb7 g5+ 48. Kf3 Ra1 49. a7 Ra3+ 50. Kf2 Kg6 51. Kg2 f6 52. Kf2 h4 53.
Kg2 g4 0-1

[Event "Chigorin Mem Blitz 2014"]
[Site "St Petersburg RUS"]
[Date "2014.10.17"]
[Round "6.10"]
[White "Yemelin, Vasily"]
[Black "Shimanov, Aleksandr"]
[Result "0-1"]
[WhiteTitle "GM"]
[BlackTitle "GM"]
[WhiteElo "2568"]
[BlackElo "2606"]
[WhiteFideId "4113217"]
[BlackFideId "4198603"]
[EventDate "2014.10.17"]

1. e4 c6 2. d3 d5 3. Nd2 Qc7 4. Ngf3 Bg4 5. h3 Bh5 6. Be2 e6 7. O-O Nd7 8. Re1
Ngf6 9. c3 Bd6 10. exd5 cxd5 11. d4 O-O 12. Ne5 Bxe5 13. Bxh5 Bh2+ 14. Kh1 Bf4
15. Be2 Rab8 16. a4 a6 17. g3 Bh6 18. Bd3 b5 19. Nf3 Bxc1 20. Qxc1 Rfe8 21. Qd2
Qc6 22. axb5 axb5 23. Rec1 Ne4 24. Qe3 f6 25. Kg2 Nb6 26. Qe1 Nc4 27. b3 Ncd6
28. Kg1 e5 29. dxe5 fxe5 30. Nd2 Nxc3 31. Nf3 d4 32. Ng5 h6 0-1

[Event "Chigorin Mem Blitz 2014"]
[Site "St Petersburg RUS"]
[Date "2014.10.17"]
[Round "6.11"]
[White "Solovyov, Viktor"]
[Black "Demidov, Mikhail"]
[Result "0-1"]
[BlackTitle "IM"]
[WhiteElo "2266"]
[BlackElo "2516"]
[WhiteFideId "4102754"]
[BlackFideId "4197143"]
[EventDate "2014.10.17"]

1. Nf3 d5 2. d4 Nf6 3. c4 c6 4. Qc2 dxc4 5. Qxc4 Qd5 6. Nbd2 Bf5 7. g3 e6 8. Bg2
Qxc4 9. Nxc4 Na6 10. a3 Be4 11. O-O c5 12. Bf4 Nd5 13. Bd6 O-O-O 14. dxc5 Nxc5
15. Bxf8 Rhxf8 16. Rac1 Kb8 17. Ncd2 Bxf3 18. Bxf3 Na4 19. Rc2 Nab6 20. Ne4 h6
21. Nc5 Rc8 22. Rfc1 Rfd8 23. b4 Rc6 24. Na6+ Kc8 25. Rxc6+ bxc6 26. b5 Kb7 27.
Rxc6 Rc8 28. Nc5+ Kb8 29. Rxc8+ Kxc8 30. e4 Nc3 31. Na6 Nxb5 32. Nb4 Nxa3 33.
Nc6 a6 34. Be2 Nb5 35. Nb4 Kb7 36. Nd3 Nd4 37. Bf1 a5 38. Nc5+ Kc6 39. Nd3 a4
40. Ne5+ Kc5 41. Nxf7 a3 42. Ne5 a2 43. Nd3+ Kd6 44. e5+ Ke7 0-1

[Event "Chigorin Mem Blitz 2014"]
[Site "St Petersburg RUS"]
[Date "2014.10.17"]
[Round "6.12"]
[White "Sjugirov, Sanan"]
[Black "Rozum, Ivan"]
[Result "1/2-1/2"]
[WhiteTitle "GM"]
[BlackTitle "GM"]
[WhiteElo "2664"]
[BlackElo "2551"]
[WhiteFideId "4189302"]
[BlackFideId "24104272"]
[EventDate "2014.10.17"]

1. d4 d6 2. c4 e5 3. Nc3 exd4 4. Qxd4 Nc6 5. Qd2 g6 6. b3 Bg7 7. Bb2 Nf6 8. g3
O-O 9. Bg2 a5 10. Nf3 Re8 11. O-O Bf5 12. Nh4 Be6 13. Rad1 a4 14. Nd5 axb3 15.
axb3 Nd7 16. Bxg7 Kxg7 17. Qc3+ f6 18. Nf3 Bf7 19. e3 Nce5 20. Nd4 c6 21. Nf4
Qa5 22. Qc2 Qb4 23. Nfe2 Nc5 24. h3 Ra7 25. Ra1 Rea8 26. Rxa7 Rxa7 27. Rb1 Ra3
28. Nf4 Ra8 29. h4 Qa3 30. Bh3 Qa2 31. Qd1 Qa3 32. Nde2 Ne4 33. Bg2 Nc5 34. Qxd6
Nxb3 35. Qc7 Nd2 36. Rxb7 Qa1+ 37. Kh2 Ng4+ 38. Kh3 Nxf2+ 39. Kh2 Ng4+ 40. Kh3
Nf2+ 41. Kh2 Ng4+ 42. Kh3 Nf2+ 43. Kh2 Ng4+ 44. Kh3 Ne5 1/2-1/2

[Event "Chigorin Mem Blitz 2014"]
[Site "St Petersburg RUS"]
[Date "2014.10.17"]
[Round "7.1"]
[White "Sethuraman, S.P."]
[Black "Rakhmanov, Aleksandr"]
[Result "0-1"]
[WhiteTitle "GM"]
[BlackTitle "GM"]
[WhiteElo "2613"]
[BlackElo "2636"]
[WhiteFideId "5021596"]
[BlackFideId "4173708"]
[EventDate "2014.10.17"]

1. d4 e6 2. c4 d5 3. Nf3 Bb4+ 4. Bd2 Bxd2+ 5. Nbxd2 Nf6 6. e3 O-O 7. Qc2 Nc6 8.
a3 Re8 9. cxd5 exd5 10. Bd3 Bg4 11. O-O Bxf3 12. Nxf3 Ne7 13. Ne5 c6 14. b4 a6
15. f4 Nc8 16. a4 Nd6 17. Rab1 Nfe4 18. b5 cxb5 19. axb5 a5 20. b6 f6 21. Nf3
Rc8 22. Qb3 Nc4 23. Ra1 Ncd2 24. Nxd2 Nxd2 25. Qb5 Nxf1 26. Bxf1 Rxe3 27. Qxa5
Qd6 28. g3 Re4 29. Rd1 Ree8 30. Bg2 Rcd8 31. Rc1 Re6 32. Qc5 Qxc5 33. dxc5 Rc6
34. Kf2 Re6 35. Rd1 Kf8 36. Rxd5 Rc8 37. Bf3 Rec6 38. Rd7 Rxc5 39. Rxb7 Rc2+ 40.
Ke1 Rb2 41. Rc7 Rxc7 42. bxc7 Rc2 43. Be4 Rxc7 44. Bxh7 g5 45. Bd3 gxf4 46. gxf4 0-1

[Event "Chigorin Mem Blitz 2014"]
[Site "St Petersburg RUS"]
[Date "2014.10.17"]
[Round "7.2"]
[White "Kazhgaleyev, Murtas"]
[Black "Smirin, Ilia"]
[Result "0-1"]
[WhiteTitle "GM"]
[BlackTitle "GM"]
[WhiteElo "2566"]
[BlackElo "2655"]
[WhiteFideId "13700316"]
[BlackFideId "2801990"]
[EventDate "2014.10.17"]

1. d4 Nf6 2. c4 g6 3. Nc3 Bg7 4. e4 d6 5. h3 Nbd7 6. Bg5 h6 7. Be3 e5 8. d5 Nc5
9. Qc2 a5 10. Nf3 h5 11. Bd3 Qe7 12. Qd2 c6 13. Bc2 cxd5 14. exd5 e4 15. Nd4
Nfd7 16. Bg5 f6 17. Bf4 Ne5 18. O-O f5 19. Ncb5 Nxc4 20. Qe2 Ne5 21. Rad1 O-O
22. Ne6 Nxe6 23. dxe6 Bxe6 24. b3 Rad8 25. Qd2 Kh7 26. Qxa5 d5 27. Nd4 Nc6 28.
Nxc6 bxc6 29. Bc1 Ra8 30. Qb6 Rfb8 31. Qe3 Rxa2 32. Bb1 Ra1 33. Bd2 d4 34. Qg3
Rxb3 35. Qf4 d3 36. Rc1 Bd5 37. Rfe1 Qe5 38. Qg5 Qf6 39. Qf4 Rb7 40. Qg3 Rf7 41.
Bg5 Qb2 42. Bf4 d2 0-1

[Event "Chigorin Mem Blitz 2014"]
[Site "St Petersburg RUS"]
[Date "2014.10.17"]
[Round "7.3"]
[White "Andriasian, Zaven"]
[Black "Aleksandrov, Aleksej"]
[Result "1-0"]
[WhiteTitle "GM"]
[BlackTitle "GM"]
[WhiteElo "2622"]
[BlackElo "2583"]
[WhiteFideId "13302000"]
[BlackFideId "13500139"]
[EventDate "2014.10.17"]

1. e4 e5 2. Nf3 Nc6 3. Bc4 Bc5 4. c3 Nf6 5. d3 a6 6. O-O d6 7. Bb3 O-O 8. h3 h6
9. Nbd2 Re8 10. Re1 Be6 11. Nf1 Bxb3 12. axb3 a5 13. Nh4 d5 14. Qf3 Bf8 15. Nf5
Kh7 16. N1e3 d4 17. Ng4 Nxg4 18. hxg4 dxc3 19. bxc3 Qf6 20. g5 hxg5 21. Qh5+ Kg8
22. Bxg5 Qg6 23. Qh4 f6 24. Bd2 Ne7 25. Qh3 Qh7 26. Qg4 Nxf5 27. exf5 Bd6 28.
Re3 Kf8 29. Rh3 Qg8 30. c4 b6 31. Qe4 Ke7 1-0

[Event "Chigorin Mem Blitz 2014"]
[Site "St Petersburg RUS"]
[Date "2014.10.17"]
[Round "7.4"]
[White "Shimanov, Aleksandr"]
[Black "Matsenko, Sergei"]
[Result "1-0"]
[WhiteTitle "GM"]
[BlackTitle "IM"]
[WhiteElo "2606"]
[BlackElo "2485"]
[WhiteFideId "4198603"]
[BlackFideId "4170083"]
[EventDate "2014.10.17"]

1. d4 Nf6 2. Bg5 Ne4 3. Bf4 d5 4. e3 c5 5. Bd3 Nf6 6. dxc5 Nc6 7. Bb5 e6 8. b4
Be7 9. Nf3 O-O 10. Bxc6 bxc6 11. O-O a5 12. c3 Nd7 13. Ne5 Nxe5 14. Bxe5 Ba6 15.
Re1 f6 16. Bg3 e5 17. Nd2 Rb8 18. a3 Qc8 19. Nb3 Bd8 20. Qc2 Qe6 21. Nd2 Bc7 22.
f3 Rfd8 23. h3 Rd7 24. Rad1 h5 25. Qg6 Qf7 26. Qf5 g6 27. Qc2 Kg7 28. f4 Re8 29.
fxe5 fxe5 30. Nf3 Qe7 31. e4 Bc4 32. exd5 Bxd5 33. Bxe5+ Bxe5 34. Rxe5 Qd8 35.
Rxe8 Qxe8 36. Re1 Qf8 37. Ne5 Re7 38. Qxg6+ Kh8 39. Qxh5+ Kg7 40. Re3 Qf4 41.
Qg6+ Kh8 42. Qh5+ Kg7 43. Qg6+ Kh8 44. Qh5+ Kg7 45. Qg4+ 1-0

[Event "Chigorin Mem Blitz 2014"]
[Site "St Petersburg RUS"]
[Date "2014.10.17"]
[Round "7.5"]
[White "Levin, Evgeny A."]
[Black "Ponkratov, Pavel"]
[Result "0-1"]
[WhiteTitle "GM"]
[BlackTitle "GM"]
[WhiteElo "2507"]
[BlackElo "2617"]
[WhiteFideId "4182596"]
[BlackFideId "4157800"]
[EventDate "2014.10.17"]

1. d4 Nf6 2. Nf3 c5 3. c3 e6 4. Bg5 Qc7 5. Nbd2 Nc6 6. e3 b6 7. Bd3 Bb7 8. Qe2
Be7 9. a3 h6 10. Bh4 d6 11. O-O g5 12. Bg3 h5 13. h4 gxh4 14. Bxh4 Ng4 15. Bxe7
Qxe7 16. Ba6 Rg8 17. Bxb7 Qxb7 18. Ne4 O-O-O 19. dxc5 bxc5 20. Rfd1 Kc7 21. b4
Nce5 22. Nxe5 Nxe5 23. f3 f5 24. Nd2 Qc6 25. e4 fxe4 26. Nxe4 c4 27. Qe3 Qb6 28.
Qxb6+ axb6 29. Kf2 Nd3+ 30. Kf1 d5 31. Nf2 Nf4 32. g4 hxg4 33. Nxg4 Rdf8 34. Kf2
Nh3+ 35. Kg3 Ng5 36. Rf1 Kd6 37. a4 e5 38. a5 e4 39. axb6 exf3 0-1

[Event "Chigorin Mem Blitz 2014"]
[Site "St Petersburg RUS"]
[Date "2014.10.17"]
[Round "7.6"]
[White "Demidov, Mikhail"]
[Black "Dzhumagaliev, Yan"]
[Result "1-0"]
[WhiteTitle "IM"]
[BlackTitle "FM"]
[WhiteElo "2516"]
[BlackElo "2415"]
[WhiteFideId "4197143"]
[BlackFideId "24100110"]
[EventDate "2014.10.17"]

1. Nc3 c5 2. Nf3 Nc6 3. d4 cxd4 4. Nxd4 d5 5. e4 dxe4 6. Bb5 Bd7 7. Bxc6 bxc6 8.
Nxe4 e5 9. Nb3 Bf5 10. Qf3 Bxe4 11. Qxe4 Qd5 12. Qe2 Qxg2 13. Qxe5+ Be7 14. Rf1
Nf6 15. Be3 Ng4 16. Qg3 Qxg3 17. hxg3 Nxe3 18. fxe3 Rd8 19. Ke2 Bf6 20. c3 O-O
21. Rad1 Rfe8 22. Rxd8 Rxd8 23. Rf5 Rd5 24. e4 Rxf5 25. exf5 Kf8 26. Na5 c5 27.
Nc6 a6 28. Nb8 Ke7 29. Nxa6 Kd6 30. Kf3 h5 31. Ke4 Be5 32. Nxc5 Bxg3 33. Nd3 g5
34. fxg6 fxg6 35. Nf4 Bxf4 36. Kxf4 Kc5 37. Kg5 Kc4 38. b4 Kb5 39. a3 Kc4 40. a4
Kd5 41. a5 Ke4 1-0

[Event "Chigorin Mem Blitz 2014"]
[Site "St Petersburg RUS"]
[Date "2014.10.17"]
[Round "7.7"]
[White "Kubatko, Ivan"]
[Black "Timofeev, Artyom"]
[Result "0-1"]
[BlackTitle "GM"]
[WhiteElo "2185"]
[BlackElo "2598"]
[WhiteFideId "24111473"]
[BlackFideId "4140419"]
[EventDate "2014.10.17"]

1. e4 e6 2. d4 d5 3. exd5 exd5 4. Nf3 Nf6 5. c4 Be7 6. Nc3 O-O 7. Bd3 Nc6 8. Be3
Nb4 9. Be2 dxc4 10. Bxc4 Nbd5 11. O-O c6 12. Bg5 h6 13. Bh4 Be6 14. Bb3 Qb6 15.
Ne5 Rad8 16. Nc4 Qc7 17. Bg3 Qc8 18. Qe2 Rfe8 19. Rfe1 Bf8 20. Ne5 Nc7 21. Rad1
Bxb3 22. axb3 a6 23. Qc4 Ncd5 24. Nf3 Qf5 25. Be5 Nb6 26. Qd3 Qxd3 27. Rxd3 Nfd5
28. Red1 f6 29. Bg3 Kf7 30. Kf1 Nb4 31. R3d2 g5 32. h3 Rd7 33. Na4 Nxa4 34. bxa4
Red8 35. b3 Nd5 36. Ne1 Nc3 37. Rc1 Ne4 38. Rd3 Rxd4 39. Rxd4 Rxd4 40. Rc2 Nd2+
41. Ke2 Nxb3 42. Nf3 Rxa4 43. Rb2 Nc5 44. Ke1 0-1

[Event "Chigorin Mem Blitz 2014"]
[Site "St Petersburg RUS"]
[Date "2014.10.17"]
[Round "7.8"]
[White "Golubov, Saveliy"]
[Black "Demchenko, Anton"]
[Result "1-0"]
[BlackTitle "GM"]
[WhiteElo "2347"]
[BlackElo "2588"]
[WhiteFideId "24176729"]
[BlackFideId "4160258"]
[EventDate "2014.10.17"]

1. b3 e5 2. Bb2 Nc6 3. e3 Nf6 4. Bb5 Bd6 5. Na3 e4 6. Ne2 O-O 7. Nc4 Be7 8. Bxc6
bxc6 9. O-O d5 10. Ne5 Qe8 11. f4 Kh8 12. h3 Ng8 13. Ng4 f6 14. a4 Bxg4 15. hxg4
Nh6 16. Nd4 Qg6 17. f5 Qxg4 18. Qxg4 Nxg4 19. Nxc6 Bd6 20. Ba3 Rfc8 21. Bxd6
cxd6 22. Nd4 Ne5 23. Rac1 a6 24. c3 Nc6 25. Ne6 a5 26. Rb1 Rab8 27. Rfc1 Rb7 28.
Rb2 Rcb8 29. Rcb1 Kg8 30. Nf4 Ne7 31. g4 g6 32. b4 Kf7 33. Kf2 g5 34. Nh5 Nc6
35. b5 Ne5 36. Kg3 Rc7 37. b6 Rc5 38. Rb5 Nc4 39. Rxc5 dxc5 40. b7 Nxd2 41. Rb6
Nc4 42. Rxf6+ Ke7 43. Rh6 Kd7 44. Rxh7+ Kc6 45. f6 Ne5 46. Re7 Kd6 47. Ng7 d4
48. Nf5+ Kd5 49. exd4 cxd4 50. cxd4 Nc6 51. Rd7+ Kc4 52. f7 e3 53. Nxe3+ Kb4 54.
Rc7 Na7 55. Nd5+ Kxa4 56. Nb6+ Kb5 57. Nd7 Rd8 58. b8=Q+ Rxb8 59. Nxb8 1-0

[Event "Chigorin Mem Blitz 2014"]
[Site "St Petersburg RUS"]
[Date "2014.10.17"]
[Round "7.9"]
[White "Tsydypov, Zhamsaran"]
[Black "Khismatullin, Denis"]
[Result "1-0"]
[WhiteTitle "FM"]
[BlackTitle "GM"]
[WhiteElo "2406"]
[BlackElo "2681"]
[WhiteFideId "4108566"]
[BlackFideId "4142578"]
[EventDate "2014.10.17"]

1. e4 e5 2. Nf3 Nc6 3. Bb5 a6 4. Ba4 Nf6 5. d3 d6 6. c3 g6 7. O-O Bg7 8. d4 O-O
9. dxe5 Nxe4 10. exd6 Nxd6 11. Bg5 Qd7 12. Re1 b5 13. Bc2 Nc4 14. Qc1 Bb7 15.
Nbd2 N6e5 16. Nxe5 Nxe5 17. Ne4 Qc6 18. f3 Rae8 19. Bh6 f5 20. Bxg7 Kxg7 21. Ng3
Qc5+ 22. Kf1 Ng4 23. fxg4 fxg4+ 24. Nf5+ Rxf5+ 25. Bxf5 Qxf5+ 26. Kg1 Qc5+ 27.
Kh1 Qf2 28. Rg1 Re2 29. Qf1 Rxb2 30. Qxf2 Rxf2 31. a4 h5 32. axb5 axb5 33. Ra7
Bd5 34. Rxc7+ Kh6 35. Rc5 Be4 36. Rxb5 h4 37. Rb4 Re2 38. Rd4 Kg5 39. Rb4 g3 40.
hxg3 hxg3 41. Rd4 Kf4 42. Rf1+ Ke3 43. Rg1 Rb2 44. Re1+ 1-0

[Event "Chigorin Mem Blitz 2014"]
[Site "St Petersburg RUS"]
[Date "2014.10.17"]
[Round "7.10"]
[White "Bukavshin, Ivan"]
[Black "Bernadskiy, Vitaliy"]
[Result "1/2-1/2"]
[WhiteTitle "GM"]
[BlackTitle "GM"]
[WhiteElo "2616"]
[BlackElo "2558"]
[WhiteFideId "4199758"]
[BlackFideId "14100371"]
[EventDate "2014.10.17"]

1. Nf3 f5 2. d3 Nc6 3. d4 e6 4. c4 Nf6 5. g3 Bb4+ 6. Nbd2 O-O 7. Bg2 d5 8. O-O
Ne4 9. cxd5 exd5 10. a3 Be7 11. Nb3 a5 12. a4 b6 13. h4 Ba6 14. Bf4 Bd6 15. Rc1
Bxf4 16. gxf4 Ne7 1/2-1/2

[Event "Chigorin Mem Blitz 2014"]
[Site "St Petersburg RUS"]
[Date "2014.10.17"]
[Round "7.11"]
[White "Hayrapetyan, Hovik"]
[Black "Sjugirov, Sanan"]
[Result "0-1"]
[WhiteTitle "GM"]
[BlackTitle "GM"]
[WhiteElo "2426"]
[BlackElo "2664"]
[WhiteFideId "13302639"]
[BlackFideId "4189302"]
[EventDate "2014.10.17"]

1. d4 Nf6 2. c4 e6 3. Nf3 b6 4. Nc3 Bb4 5. a3 Bxc3+ 6. bxc3 Bb7 7. Bg5 h6 8. Bh4
g5 9. Bg3 Ne4 10. Qc2 d6 11. Nd2 Nxg3 12. hxg3 Nd7 13. e4 Qe7 14. a4 a5 15. Bd3
h5 16. f3 O-O-O 17. O-O-O Rdg8 18. Nb3 g4 19. f4 h4 20. gxh4 Rxh4 21. g3 Rh3 22.
Rhg1 Rgh8 23. d5 e5 24. f5 Rh2 25. Rg2 Qg5+ 26. Qd2 Qxd2+ 27. Rdxd2 R2h3 28. Be2
Nf6 29. Bd3 Nh5 30. Rd1 Rxg3 31. Rxg3 Nxg3 32. Rg1 Rh3 33. Kd2 Kd8 34. Nc1 Ba6
35. Ne2 Nxe2 36. Bxe2 g3 37. f6 Bc8 38. Bf1 Rh2+ 39. Ke3 Rf2 40. Be2 Rxf6 41.
Rxg3 Rg6 42. Rf3 Ke7 43. Rf2 Bd7 44. Bd1 Rg3+ 45. Kd2 Rh3 46. Bc2 Bg4 47. Rg2
Rh4 48. Rf2 Bh5 49. Rg2 Bf3 50. Rg8 Bxe4 51. Bxe4 Rxe4 52. Kd3 Rh4 53. Rc8 Kd7
54. Rf8 Rf4 55. Rh8 f5 56. Rh7+ Kc8 57. Rh8+ Kb7 58. Rf8 Rf3+ 59. Kd2 f4 60. Re8
Rh3 61. Rf8 Rh2+ 62. Kd3 Ra2 63. c5 bxc5 64. Kc4 Rxa4+ 65. Kb5 Ra1 66. c4 Rb1+
67. Kxa5 Rb3 68. Rf7 f3 69. Re7 f2 70. Rf7 Rb2 71. Ka4 e4 72. Ka3 Re2 0-1

[Event "Chigorin Mem Blitz 2014"]
[Site "St Petersburg RUS"]
[Date "2014.10.17"]
[Round "7.12"]
[White "Smirnov, Pavel"]
[Black "Oral, Tomas"]
[Result "1/2-1/2"]
[WhiteTitle "GM"]
[BlackTitle "GM"]
[WhiteElo "2611"]
[BlackElo "2513"]
[WhiteFideId "4123425"]
[BlackFideId "303739"]
[EventDate "2014.10.17"]

1. d4 Nf6 2. c4 g6 3. Nc3 d5 4. Nf3 Bg7 5. cxd5 Nxd5 6. e4 Nxc3 7. bxc3 c5 8.
Rb1 O-O 9. Be2 Nc6 10. d5 Ne5 11. Nxe5 Bxe5 12. Qd2 e6 13. f4 Bc7 14. O-O exd5
15. exd5 Ba5 16. Rb5 b6 17. d6 Ba6 18. f5 Bxb5 19. Bxb5 Qh4 20. Rf4 Qg5 21. Qe1
Rad8 22. fxg6 hxg6 23. Rxf7 Qd5 24. Rxf8+ Rxf8 25. Qe2 Qxd6 26. Bh6 Bxc3 27.
Bxf8 Kxf8 28. Qf3+ Bf6 29. h4 Kg7 30. h5 Bd4+ 31. Kf1 Qf6 32. Qxf6+ Kxf6 33.
hxg6 Kxg6 34. Ke2 Kg5 35. Kd3 Kf4 36. a4 Kg3 37. Bc6 Kf4 38. Kc4 Kg3 39. Bb7 Kf4
40. Bc6 1/2-1/2

[Event "Chigorin Mem Blitz 2014"]
[Site "St Petersburg RUS"]
[Date "2014.10.17"]
[Round "8.1"]
[White "Rakhmanov, Aleksandr"]
[Black "Andriasian, Zaven"]
[Result "1/2-1/2"]
[WhiteTitle "GM"]
[BlackTitle "GM"]
[WhiteElo "2636"]
[BlackElo "2622"]
[WhiteFideId "4173708"]
[BlackFideId "13302000"]
[EventDate "2014.10.17"]

1. c4 e5 2. Nf3 e4 3. Nd4 Nc6 4. Nxc6 dxc6 5. Nc3 Nf6 6. e3 Bf5 7. Qb3 Rb8 8.
Qc2 h5 9. h3 Qd7 10. b3 g6 11. Bb2 Bg7 12. O-O-O Rd8 13. Ne2 Qe7 14. Ng3 Kd7 15.
d3 Kc8 16. Nxf5 gxf5 17. Be2 h4 18. dxe4 fxe4 19. Rxd8+ Rxd8 20. Rd1 Rg8 21. Qd2
b6 22. Qd4 Kb7 23. Qe5 Nd5 24. Qxe7 Bxb2+ 25. Kxb2 Nxe7 26. Bf1 Kc8 27. Kc3 c5
28. Rd2 Rg6 29. a3 a5 30. a4 f5 31. Rd1 Rg7 32. Kd2 Kd7 33. Ke1+ Ke8 34. Rd2 Rg6
35. Rd1 1/2-1/2

[Event "Chigorin Mem Blitz 2014"]
[Site "St Petersburg RUS"]
[Date "2014.10.17"]
[Round "8.2"]
[White "Smirin, Ilia"]
[Black "Demidov, Mikhail"]
[Result "1-0"]
[WhiteTitle "GM"]
[BlackTitle "IM"]
[WhiteElo "2655"]
[BlackElo "2516"]
[WhiteFideId "2801990"]
[BlackFideId "4197143"]
[EventDate "2014.10.17"]

1. e4 e6 2. d4 d5 3. Nd2 Nf6 4. e5 Nfd7 5. Bd3 c5 6. c3 Nc6 7. Ngf3 Be7 8. O-O
g5 9. b4 cxd4 10. cxd4 Nxb4 11. Bb1 Nc6 12. Nb3 Nb6 13. h3 h5 14. Nh2 Bd7 15. f4
gxf4 16. Bxf4 Bg5 17. Qc1 Rg8 18. Nf3 Bxf4 19. Qxf4 Qe7 20. Bh7 Rh8 21. Ng5
O-O-O 22. h4 Be8 23. Rac1 Kb8 24. Bb1 Nc4 25. Rc3 Rg8 26. Rcf3 Qb4 27. Nxf7 Bxf7
28. Qxf7 Rg4 29. Qxe6 Nxd4 30. Nxd4 Qd2 31. R3f2 Qxd4 32. Qf6 Rdg8 33. Kh1 Rxh4+
34. Kg1 Ne3 35. Qd6+ 1-0